源氏物語の巻名 - Statistics

General Stats
  • This quiz has been taken 104 times
  • The average score is 12 of 55
Answer Stats
Hint Answer % Correct
源氏誕生~12歳 桐壺
85%
源氏22歳~23歳春
60%
源氏18歳 若紫
52%
本文なし 雲隠
52%
源氏17歳夏 空蝉
50%
源氏17歳秋~冬 夕顔
50%
源氏27歳春~28歳秋 明石
46%
源氏18歳春~19歳春 末摘花
40%
源氏26歳春~27歳春 須磨
40%
薫28歳 夢浮橋
40%
源氏17歳夏 帚木
35%
源氏39歳冬~41歳春 若菜(上)
31%
源氏41歳春~47歳冬 若菜(下)
31%
源氏50歳秋~冬 夕霧
31%
源氏32歳秋~冬 朝顔
27%
源氏35歳 玉鬘
27%
源氏52歳
27%
源氏25歳夏 花散里
25%
源氏48歳正月~秋 柏木
25%
源氏28歳冬~29歳 澪標
23%
源氏36歳夏
23%
薫14歳~20歳 匂宮
21%
源氏36歳正月 初音
19%
源氏37歳冬~38歳冬 真木柱
19%
源氏18歳秋~源氏19歳秋 紅葉賀
17%
源氏36歳秋 野分
17%
源氏31歳春 絵合
15%
源氏31歳秋 松風
15%
薫27歳春 浮舟
15%
源氏23歳秋~25歳夏 賢木
13%
源氏36歳秋 篝火
13%
源氏36歳冬~37歳春 行幸
13%
源氏37歳秋 藤袴
13%
薫27歳 蜻蛉
13%
源氏20歳春 花宴
10%
源氏33歳~35歳 少女
10%
源氏39歳春 梅枝
10%
源氏50歳夏~秋 鈴虫
10%
薫24歳秋~冬 総角
10%
薫27歳~28歳夏 手習
10%
源氏28歳~29歳 蓬生
8%
源氏31歳冬~32歳秋 薄雲
8%
源氏36歳夏 常夏
8%
源氏39歳春~冬 藤裏葉
8%
源氏51歳 御法
8%
薫20歳~22歳 橋姫
8%
源氏29歳秋 関屋
6%
源氏36歳春~夏 胡蝶
6%
薫14,5歳~23歳 竹河
6%
薫25歳春 早蕨
6%
薫26歳秋 東屋
6%
源氏49歳 横笛
4%
薫24歳春 紅梅
4%
薫23歳春~24歳夏 椎本
4%
薫25歳春~26歳夏 宿木
4%
No matching quizzes found
Score Distribution
Percent of People with Each Score
Percentile by Number Answered
Your Score History
You have not taken this quiz